| 000 | 00404 a2200121 4500 | ||
|---|---|---|---|
| 999 |
_c331225 _d331225 |
||
| 001 | 58598 | ||
| 003 | NUST | ||
| 005 | 20170922111816.0 | ||
| 008 | 170922b xxu||||| |||| 00| 0 eng d | ||
| 040 | _cNUST | ||
| 082 |
_a954.9105 _bBHU |
||
| 100 |
_aBhutto, Benazir _94819 |
||
| 245 |
_aMohtarma Benazir Bhutto prime minister of Pakistan; _bSpeeches and Statements Oct,1993-Nov,1996 Volume-II / |
||
| 260 |
_aPakistan _bGovt of Pakistan _c2008 |
||
| 300 | _a387 p. | ||
| 650 |
_aPakistan $x Politics and government _94820 |
||
| 650 |
_aHistory and Geography _94821 |
||
| 942 |
_cBK _cBK _2ddc |
||